Essays in derivatives : Risk-transfer tools and topics made easy
This book provides up-to-date and detailed coverage of various financial products related to derivatives and contains completely new chapters covering subjects that include why derivatives are used, forward and futures pricing, operational risk, and best practices.
Na minha lista:
| Autor principal: | |
|---|---|
| Formato: | Livro |
| Idioma: | Undetermined |
| Publicado em: |
Hoboken, N.J.
John Wiley & Sons
2008
|
| Assuntos: | |
| Tags: |
Adicionar Tag
Sem tags, seja o primeiro a adicionar uma tag!
|
| Thư viện lưu trữ: | Trung tâm Học liệu Trường Đại học Cần Thơ |
|---|
| LEADER | 00966nam a2200229Ia 4500 | ||
|---|---|---|---|
| 001 | CTU_226933 | ||
| 008 | 210402s9999 xx 000 0 und d | ||
| 020 | |c 587000 | ||
| 082 | |a 332.6457 | ||
| 082 | |b C454 | ||
| 100 | |a Chance, Don M. | ||
| 245 | 0 | |a Essays in derivatives : | |
| 245 | 0 | |b Risk-transfer tools and topics made easy | |
| 245 | 0 | |c Don M. Chance | |
| 260 | |a Hoboken, N.J. | ||
| 260 | |b John Wiley & Sons | ||
| 260 | |c 2008 | ||
| 520 | |a This book provides up-to-date and detailed coverage of various financial products related to derivatives and contains completely new chapters covering subjects that include why derivatives are used, forward and futures pricing, operational risk, and best practices. | ||
| 650 | |a Chứng khoán phái sinh,Derivative securities,Risk management,Investments,Investments,Quản trị rủi ro,Đầu tư | ||
| 904 | |i Nhi | ||
| 910 | |b dqhieu | ||
| 980 | |a Trung tâm Học liệu Trường Đại học Cần Thơ | ||